000 00689nam a2200217 a 4500
999 _c9493
_d9493
001 9493
003 BD-JhCC
005 20211113134021.0
008 180315s1998 bg |||| ||a| 000 0 ben d
035 _a(BD-JhCC)9493
040 _aBD-JhCC
_dBD-JhCC
041 _aben
082 _a320.9
_bKAY 1998
100 _aকায়সার, আশরাফ
245 _aবাংলাদেশের রাজনৈতিক হত্যাকান্ড /
_cআশরাফ কায়সার,
260 _aঢাকা :
_bমাওলা ব্রাদার্স,
_c1998
300 _a190 p. :
_c24 cm.
650 _aPolitical Science
942 _2ddc
_cBK
_01